000 00705nam a2200289Ia 4500
005 20260121124417.0
008 008 260114s9999 xx 000 0 eng d
020 _a9783110685053
037 _aEBOOK
040 _aCRL
040 _beng
040 _cCRL
041 _2eng
041 _aeng
084 _qCRL
100 _aBondeli, Martin
_9975531
245 0 _aReinhold and Fichte in Confrontation
260 _bWalter de Gruyter
260 _bWalter de Gruyter
260 _c2020
650 _aPhilosophy
_9975532
700 _a Imhof, Silvan
_9975533
856 _uhttp://www.degruyter.com/isbn/9783110685053
942 _cEBOOK
999 _c1554393
_d1554393